<?xml version="1.0" encoding="UTF-8"?>
<record
    xmlns:xsi="http://www.w3.org/2001/XMLSchema-instance"
    xsi:schemaLocation="http://www.loc.gov/MARC21/slim http://www.loc.gov/standards/marcxml/schema/MARC21slim.xsd"
    xmlns="http://www.loc.gov/MARC21/slim">

  <leader>00744nam2a2200229   4500</leader>
  <controlfield tag="001">RU\NLR\BIBL_A\011682855</controlfield>
  <controlfield tag="005">20250626110805.0</controlfield>
  <datafield tag="010" ind1=" " ind2=" ">
    <subfield code="9">4000</subfield>
  </datafield>
  <datafield tag="035" ind1=" " ind2=" ">
    <subfield code="a">(NLR Aleph) 011682855</subfield>
  </datafield>
  <datafield tag="090" ind1=" " ind2=" ">
    <subfield code="a">13416426</subfield>
    <subfield code="c">13416426</subfield>
  </datafield>
  <datafield tag="100" ind1=" " ind2=" ">
    <subfield code="a">20180416d1947    |||y0rusy50      ca</subfield>
  </datafield>
  <datafield tag="101" ind1="0" ind2=" ">
    <subfield code="a">chv</subfield>
  </datafield>
  <datafield tag="102" ind1=" " ind2=" ">
    <subfield code="a">RU</subfield>
  </datafield>
  <datafield tag="105" ind1=" " ind2=" ">
    <subfield code="a">y   z   000 y</subfield>
  </datafield>
  <datafield tag="200" ind1="0" ind2=" ">
    <subfield code="a">&#x41A;&#x43D;. 29</subfield>
    <subfield code="f">[&#x43E;&#x442;&#x432;. &#x440;&#x435;&#x434;.:&#x42F;. &#x422;. &#x423;&#x445;&#x441;&#x430;&#x439;]</subfield>
  </datafield>
  <datafield tag="210" ind1=" " ind2=" ">
    <subfield code="d">1947</subfield>
    <subfield code="a">&#x411;. &#x43C;.</subfield>
  </datafield>
  <datafield tag="215" ind1=" " ind2=" ">
    <subfield code="a">94,[2] c.</subfield>
  </datafield>
  <datafield tag="461" ind1=" " ind2="0">
    <subfield code="1">001RU\NLR\BIBL_A\011682743</subfield>
    <subfield code="1">2001#$a&#x422;&#x4D1;&#x432;&#x430;&#x43D; &#x410;&#x442;&#x430;&#x43B;$e&#x447;&#x4D1;&#x432;&#x430;&#x448; &#x421;&#x43E;&#x432;&#x435;&#x442; &#x43F;&#x438;&#x441;&#x430;&#x442;&#x435;&#x43B;&#x4D7;&#x43D; &#x421;&#x43E;&#x44E;&#x437;&#x4D7; &#x43A;&#x4D1;&#x43B;&#x430;&#x440;&#x430;&#x43A;&#x430;&#x43D; &#x430;&#x43B;&#x44C;&#x43C;&#x430;&#x43D;&#x430;&#x445;$f[&#x410;. &#x410;. &#x42D;&#x441;&#x445;&#x435;&#x43B;&#x44C; (&#x43E;&#x442;&#x432;. &#x440;&#x435;&#x434;.)]$v&#x41A;&#x43D;. 29</subfield>
  </datafield>
  <datafield tag="852" ind1=" " ind2=" ">
    <subfield code="a">NLR</subfield>
    <subfield code="b">&#x41E;&#x41D;&#x41B;</subfield>
    <subfield code="j">&#x427;&#x443;&#x432;./3-553</subfield>
  </datafield>
  <datafield tag="942" ind1=" " ind2=" ">
    <subfield code="c">BOOK</subfield>
  </datafield>
  <datafield tag="980" ind1=" " ind2=" ">
    <subfield code="a">NB</subfield>
  </datafield>
  <datafield tag="995" ind1=" " ind2=" ">
    <subfield code="5">2018-04-16</subfield>
    <subfield code="b">NLR01</subfield>
    <subfield code="c">NLR01</subfield>
    <subfield code="e">ONL</subfield>
    <subfield code="f">1-1455296</subfield>
    <subfield code="k">&#x41E;&#x41D;&#x41B; &#x427;&#x443;&#x432;./3-553</subfield>
    <subfield code="o">0</subfield>
    <subfield code="r">BOOK</subfield>
    <subfield code="s">_3553</subfield>
  </datafield>
</record>
